[Event "14th EUR-ch"]
[Site "Minsk BLR"]
[Date "2017.06.06"]
[Round "7.9"]
[White "Tomashevsky, Evgeny"]
[Black "Saric, Ivan"]
[Result "1/2-1/2"]
[WhiteElo "2696"]
[BlackElo "2618"]
[EventDate "2017.05.30"]
[PlyCount "79"]

1.d4 Nf6 2.c4 g6 3.Nc3 Bg7 4.e4 d6 5.Nf3 O-O 6.h3 e5 7.d5 a5 8.g4 Na6 9.
Be3 Nd7 10.a3 Nb6 11.Rg1 Bd7 12.h4 Nc5 13.b3 Kh8 14.a4 c6 15.dxc6 Bxc6 16.
Bd3 Nbd7 17.Bc2 Nf6 18.Bxc5 dxc5 19.Qxd8 Raxd8 20.Ke2 Bd7 21.Nh2 Bc8 22.
Nd5 Nxd5 23.cxd5 f5 24.gxf5 gxf5 25.Nf3 fxe4 26.Bxe4 Rf4 27.Nd2 b6 28.f3 
Bb7 29.Rad1 Ba6+ 30.Nc4 b5 31.axb5 Bxb5 32.Kd3 Rxh4 33.Rh1 Rxh1 34.Rxh1 h6
35.Kc3 a4 36.bxa4 Bxa4 37.Ne3 Bd7 38.Ng4 Bxg4 39.fxg4 Kg8 40.Kc4 1/2-1/2

[Event "14th EUR-ch"]
[Site "Minsk BLR"]
[Date "2017.06.06"]
[Round "7.10"]
[White "Kozul, Zdenko"]
[Black "Mamedov, Rauf"]
[Result "1/2-1/2"]
[WhiteElo "2617"]
[BlackElo "2689"]
[EventDate "2017.05.30"]
[PlyCount "85"]

1.d4 d5 2.c4 c6 3.Nf3 Nf6 4.Qb3 dxc4 5.Qxc4 Bg4 6.Nbd2 Nbd7 7.g3 e6 8.Bg2 
Be7 9.Qb3 Qb6 10.O-O O-O 11.Nc4 Qa6 12.Bg5 h6 13.Bxf6 Bxf6 14.e3 Rab8 15.
a4 c5 16.Nfe5 Nxe5 17.dxe5 Be2 18.Rfc1 Bxc4 19.Rxc4 Bxe5 20.Rxc5 Qd6 21.
Rc4 b6 22.Rd1 Qe7 23.Qb5 Bd6 24.Rcd4 Rfd8 25.Be4 a5 26.h4 Bc5 27.Rd7 Rxd7 
28.Rxd7 Qf6 29.h5 Rd8 30.b3 Rxd7 31.Qxd7 Qe7 32.Qc6 Qd6 33.Qe8+ Qf8 34.Qb5
Qd8 35.Kg2 Kf8 36.Qc6 Qe8 37.Qc7 Qe7 38.Qb8+ Qe8 39.Qf4 Qd7 40.g4 Qd6 41.
Qf3 Ke7 42.Qe2 Qe5 43.Qd3 1/2-1/2

[Event "14th EUR-ch"]
[Site "Minsk BLR"]
[Date "2017.06.06"]
[Round "7.11"]
[White "Erdos, Viktor"]
[Black "Artemiev, Vladislav"]
[Result "1/2-1/2"]
[WhiteElo "2614"]
[BlackElo "2682"]
[EventDate "2017.05.30"]
[PlyCount "57"]

1.Nf3 d5 2.d4 Nf6 3.c4 c6 4.Nc3 a6 5.cxd5 cxd5 6.Bf4 Nc6 7.e3 Bg4 8.h3 
Bxf3 9.Qxf3 e6 10.Bd3 Be7 11.O-O O-O 12.Rac1 Rc8 13.Rfd1 Nd7 14.Bb1 Nb6 
15.e4 g6 16.g3 Bf6 17.e5 Bg7 18.Qg4 f5 19.Qe2 g5 20.Be3 Rc7 21.f3 h5 22.b3
Bh6 23.Kh1 Rg7 24.Rg1 Qe8 25.Rcf1 Ne7 26.Qd2 Rff7 27.Ne2 Qf8 28.Qb4 Nbc8 
29.Bd2 1/2-1/2

[Event "14th EUR-ch"]
[Site "Minsk BLR"]
[Date "2017.06.06"]
[Round "7.12"]
[White "Riazantsev, Alexander"]
[Black "Hracek, Zbynek"]
[Result "1/2-1/2"]
[WhiteElo "2659"]
[BlackElo "2612"]
[EventDate "2017.05.30"]
[PlyCount "38"]

1.d4 Nf6 2.c4 e6 3.Nc3 Bb4 4.Qc2 O-O 5.a3 Bxc3+ 6.Qxc3 d6 7.f3 d5 8.e3 Re8
9.Nh3 Nc6 10.Nf4 e5 11.dxe5 Rxe5 12.cxd5 Nxd5 13.Nxd5 Rxd5 14.Be2 Qh4+ 15.
g3 Qh3 16.Kf2 Be6 17.e4 Rd7 18.Be3 Rad8 19.Qc5 f5 1/2-1/2

[Event "14th EUR-ch"]
[Site "Minsk BLR"]
[Date "2017.06.06"]
[Round "7.14"]
[White "Prohaszka, Peter"]
[Black "Khismatullin, Denis"]
[Result "1/2-1/2"]
[WhiteElo "2596"]
[BlackElo "2651"]
[EventDate "2017.05.30"]
[PlyCount "24"]

1.d4 Nf6 2.Nf3 e6 3.Bf4 c5 4.e3 Nc6 5.Nbd2 d5 6.c3 Bd6 7.Bg3 Bxg3 8.hxg3 
Qd6 9.Bd3 h6 10.O-O O-O 11.Re1 Rd8 12.Qe2 e5 1/2-1/2

[Event "14th EUR-ch"]
[Site "Minsk BLR"]
[Date "2017.06.06"]
[Round "7.15"]
[White "Sutovsky, Emil"]
[Black "Jojua, Davit"]
[Result "1/2-1/2"]
[WhiteElo "2646"]
[BlackElo "2581"]
[EventDate "2017.05.30"]
[PlyCount "82"]

1.e4 e5 2.Nf3 Nc6 3.Bb5 a6 4.Ba4 Nf6 5.O-O Nxe4 6.d4 b5 7.Bb3 d5 8.dxe5 
Be6 9.Nbd2 Nc5 10.c3 Be7 11.Bc2 d4 12.Nb3 d3 13.Bb1 Nxb3 14.axb3 Bf5 15.
Re1 O-O 16.Bf4 Qd7 17.b4 Rfd8 18.h4 h6 19.Re3 a5 20.bxa5 Bc5 21.Re1 b4 22.
a6 bxc3 23.bxc3 Bb6 24.Ra4 Qc8 25.Qd2 Rxa6 26.Rxa6 Qxa6 27.Ba2 Ne7 28.e6 
fxe6 29.Ne5 Nd5 30.Bc4 Qa4 31.Bxh6 gxh6 32.Qxh6 Qc2 33.Qg5+ Kh7 34.Nxd3 
Qxc3 35.Qxd8 Qxc4 36.Qd7+ Kh6 37.Rxe6+ Bxe6 38.Qxe6+ Kg7 39.Qe5+ Kf7 40.
Qf5+ Ke7 41.Qh7+ Ke6 1/2-1/2

[Event "14th EUR-ch"]
[Site "Minsk BLR"]
[Date "2017.06.06"]
[Round "7.19"]
[White "Paichadze, Luka"]
[Black "Lupulescu, Constantin"]
[Result "1/2-1/2"]
[WhiteElo "2568"]
[BlackElo "2631"]
[EventDate "2017.05.30"]
[PlyCount "164"]

1.e4 c5 2.Nf3 e6 3.c3 d5 4.exd5 Qxd5 5.d4 Nf6 6.Be2 Be7 7.Be3 cxd4 8.cxd4 
Nc6 9.Nc3 Qd6 10.O-O O-O 11.Rc1 Bd7 12.Ne5 Be8 13.Nc4 Qd8 14.Bf3 Rc8 15.d5
exd5 16.Nxd5 Nxd5 17.Bxd5 b5 18.Na3 Nb4 19.Bb3 Rxc1 20.Qxc1 Bc6 21.Rd1 Qa8
22.Bc5 Qb7 23.Bxe7 Qxe7 24.Nc2 Nxc2 25.Qxc2 Rc8 26.Qf5 Re8 27.h3 g6 28.Qf4
Rc8 29.Rd3 Qb7 30.Rc3 a5 31.a3 Be8 32.Re3 Qc6 33.Kh2 Kg7 34.Rc3 Qd7 35.
Rxc8 Qxc8 36.Qe5+ Kg8 37.Qe7 Qb8+ 38.g3 Kg7 39.Bd5 Qc8 40.Qe5+ Kg8 41.h4 
h5 42.Qf6 Kf8 43.Be4 Kg8 44.Qe7 Kg7 45.Qe5+ Kg8 46.b4 axb4 47.axb4 Bd7 48.
Bd5 Be8 49.Qf6 Kf8 50.Qd6+ Kg7 51.Qe5+ Kg8 52.Qe7 Kg7 53.Bb7 Qb8 54.Kg1 
Kh7 55.Be4 Kg8 56.Bb7 Kh7 57.Bd5 Kg7 58.Kh2 Qc8 59.Qe5+ Kf8 60.Be4 Kg8 61.
Qd5 Kg7 62.Bd3 Qb8 63.Kg1 Qb6 64.Qe5+ Kf8 65.Kf1 Qb7 66.Be4 Qa6 67.Qc5+ 
Kg8 68.Qe5 Kf8 69.Qh8+ Ke7 70.Qd4 Kf8 71.Kg2 Qe6 72.Qd5 Qb6 73.Qe5 Qa6 74.
Qc5+ Kg7 75.Qd4+ Kf8 76.Qd8 Qe6 77.Bd5 Qa6 78.Kh3 Qa1 79.Qd6+ Kg7 80.Qe7 
Qd4 81.Qxe8 Qxd5 82.Kh2 Qf5 1/2-1/2

[Event "14th EUR-ch"]
[Site "Minsk BLR"]
[Date "2017.06.06"]
[Round "7.21"]
[White "Bok, Benjamin"]
[Black "Navara, David"]
[Result "1/2-1/2"]
[WhiteElo "2598"]
[BlackElo "2739"]
[EventDate "2017.05.30"]
[PlyCount "35"]

1.d4 Nf6 2.c4 g6 3.g3 c6 4.Bg2 d5 5.cxd5 cxd5 6.Nf3 Bg7 7.Ne5 e6 8.Nc3 
Nfd7 9.Nf3 Nc6 10.O-O O-O 11.Bf4 Nf6 12.Rc1 Bd7 13.Bd6 Re8 14.e3 Bf8 15.
Bxf8 Rxf8 16.Qe2 Rc8 17.Rfd1 Qe7 18.Ne5 1/2-1/2

[Event "14th EUR-ch"]
[Site "Minsk BLR"]
[Date "2017.06.06"]
[Round "7.22"]
[White "Neiksans, Arturs"]
[Black "Yakovenko, Dmitry"]
[Result "1/2-1/2"]
[WhiteElo "2599"]
[BlackElo "2718"]
[EventDate "2017.05.30"]
[PlyCount "39"]

1.c4 e5 2.Nc3 Nc6 3.e3 Bb4 4.Qc2 Bxc3 5.dxc3 d6 6.e4 Be6 7.Bd3 Nf6 8.Ne2 
Nd7 9.Ng3 Nc5 10.Be2 a5 11.Be3 b6 12.O-O O-O 13.Nf5 Ne7 14.b3 Qd7 15.Bg4 
g6 16.Nxe7+ Qxe7 17.Bxe6 Qxe6 18.f3 f6 19.Rad1 Qe8 20.Qd2 1/2-1/2

[Event "14th EUR-ch"]
[Site "Minsk BLR"]
[Date "2017.06.06"]
[Round "7.27"]
[White "Areschenko, Alexander"]
[Black "Antipov, Mikhail"]
[Result "1/2-1/2"]
[WhiteElo "2677"]
[BlackElo "2576"]
[EventDate "2017.05.30"]
[PlyCount "45"]

1.e4 c5 2.Nf3 Nc6 3.Bb5 d6 4.O-O Bd7 5.Re1 Nf6 6.c3 a6 7.Ba4 b5 8.Bc2 e5 
9.h3 c4 10.d4 cxd3 11.Qxd3 Be7 12.Bg5 Be6 13.Bxf6 Bxf6 14.Bb3 O-O 15.Nbd2 
Ne7 16.Nf1 Ng6 17.Rad1 Be7 18.Ne3 Nf4 19.Qf1 Qc8 20.Nd5 Bxd5 21.Bxd5 Rb8 
22.Kh2 Kh8 23.g3 1/2-1/2

[Event "14th EUR-ch"]
[Site "Minsk BLR"]
[Date "2017.06.06"]
[Round "7.29"]
[White "Rakhmanov, Alexander"]
[Black "Azarov, Sergei"]
[Result "1/2-1/2"]
[WhiteElo "2676"]
[BlackElo "2582"]
[EventDate "2017.05.30"]
[PlyCount "86"]

1.d4 Nf6 2.Nf3 e6 3.e3 c5 4.Bd3 d5 5.b3 Bd6 6.Bb2 O-O 7.Nbd2 Nc6 8.O-O b6 
9.a3 Bb7 10.Qe2 Rc8 11.Rad1 cxd4 12.exd4 Qe7 13.Ra1 Qc7 14.g3 Ne7 15.Rac1 
Qb8 16.Rfe1 Rc7 17.Ng5 Qc8 18.h4 b5 19.c4 bxc4 20.bxc4 h6 21.Nxe6 fxe6 22.
c5 Bf4 23.gxf4 Ne4 24.Nxe4 dxe4 25.Bxe4 Nd5 26.f5 Kh8 27.c6 Bxc6 28.a4 Qd8
29.Ba3 exf5 30.Bxf8 fxe4 31.Qxe4 Qxf8 32.Rxc6 Rxc6 33.Qxd5 Rc2 34.Qg2 Rd2 
35.d5 Qf5 36.Re8+ Kh7 37.Re7 Qb1+ 38.Kh2 Qb8+ 39.Kh3 Rd3+ 40.Re3 Qc8+ 41.
Kh2 Qc7+ 42.Qg3 Qxg3+ 43.Kxg3 Rxd5 1/2-1/2

[Event "14th EUR-ch"]
[Site "Minsk BLR"]
[Date "2017.06.06"]
[Round "7.30"]
[White "Deac, Bogdan-Daniel"]
[Black "Grandelius, Nils"]
[Result "1/2-1/2"]
[WhiteElo "2572"]
[BlackElo "2665"]
[EventDate "2017.05.30"]
[PlyCount "52"]

1.d4 d5 2.Nf3 Nf6 3.c4 c6 4.Qc2 g6 5.Bf4 Bg7 6.e3 O-O 7.Nc3 Na6 8.h3 Qa5 
9.a3 c5 10.Qb3 Be6 11.Qb5 Qd8 12.Qxb7 Qb6 13.Qxb6 axb6 14.Rd1 Rfd8 15.Ne5 
cxd4 16.Rxd4 dxc4 17.Bxc4 Bxc4 18.Rxc4 Nd5 19.Nxd5 Rxd5 20.Nc6 Kf8 21.Nb4 
Rc5 22.Rxc5 Nxc5 23.Nd5 Nd3+ 24.Ke2 Nxf4+ 25.Nxf4 Bxb2 26.Rb1 Bxa3 1/2-1/2

[Event "14th EUR-ch"]
[Site "Minsk BLR"]
[Date "2017.06.06"]
[Round "7.32"]
[White "Abasov, Nijat"]
[Black "Zviagintsev, Vadim"]
[Result "1/2-1/2"]
[WhiteElo "2575"]
[BlackElo "2661"]
[EventDate "2017.05.30"]
[PlyCount "57"]

1.e4 c5 2.Nf3 Nc6 3.d4 cxd4 4.Nxd4 g6 5.Nc3 Bg7 6.Be3 Nf6 7.Nxc6 bxc6 8.e5
Ng8 9.f4 Nh6 10.Qd2 d5 11.Bc5 O-O 12.Bd3 f6 13.O-O fxe5 14.fxe5 Nf7 15.
Rae1 Nxe5 16.Rxf8+ Qxf8 17.Kh1 Qf6 18.Rf1 Qh4 19.Be4 e6 20.g3 Qd8 21.Bg2 
Ba6 22.Re1 Qa5 23.b4 Qa3 24.Qe3 Qb2 25.b5 Bxb5 26.Nxb5 Qxb5 27.Bd6 Nc4 28.
Qxe6+ Kh8 29.Be7 1/2-1/2

[Event "14th EUR-ch"]
[Site "Minsk BLR"]
[Date "2017.06.06"]
[Round "7.33"]
[White "Donchenko, Alexander"]
[Black "Grachev, Boris"]
[Result "1/2-1/2"]
[WhiteElo "2563"]
[BlackElo "2658"]
[EventDate "2017.05.30"]
[PlyCount "52"]

1.d4 d5 2.c4 e6 3.Nf3 Nf6 4.g3 dxc4 5.Bg2 Bd7 6.Ne5 Bc6 7.Nxc6 Nxc6 8.e3 
Qd7 9.Qe2 e5 10.Qxc4 exd4 11.O-O Rd8 12.exd4 Nxd4 13.Bxb7 c5 14.Bg2 Be7 
15.Nd2 O-O 16.Nb3 Qf5 17.Nxd4 cxd4 18.Bd2 Bc5 19.h3 h5 20.Rad1 Bb6 21.Bb4 
Rfe8 22.Qd3 Qe6 23.a4 Nd5 24.Bd2 Ne3 25.Rfe1 Qd7 26.Ra1 Nxg2 1/2-1/2

[Event "14th EUR-ch"]
[Site "Minsk BLR"]
[Date "2017.06.06"]
[Round "7.36"]
[White "Kravtsiv, Martyn"]
[Black "Predke, Alexandr"]
[Result "1/2-1/2"]
[WhiteElo "2653"]
[BlackElo "2566"]
[EventDate "2017.05.30"]
[PlyCount "104"]

1.Nf3 Nf6 2.g3 b6 3.Bg2 Bb7 4.O-O e6 5.c4 c5 6.Nc3 Be7 7.Re1 d5 8.cxd5 
Nxd5 9.e4 Nb4 10.d4 cxd4 11.Nxd4 N8c6 12.Nxc6 Qxd1 13.Rxd1 Bxc6 14.Bf4 g5 
15.Bd6 Bxd6 16.Rxd6 Ke7 17.Rad1 Rhd8 18.R6d4 a5 19.a3 Nc2 20.Rc4 Rac8 21.
Rxd8 Kxd8 22.f3 e5 23.Kf2 Nd4 24.Nd1 b5 25.Rc3 Bd7 26.Bf1 Bc6 27.Ne3 Bd7 
28.Rxc8+ Bxc8 29.Nd5 Be6 30.Nc3 b4 31.axb4 axb4 32.Ne2 Nb3 33.f4 f6 34.
fxe5 fxe5 35.Ng1 g4 36.Ke3 Ke7 37.h3 Nc5 38.hxg4 Na4 39.Nf3 Kd6 40.Ng5 
Nxb2 41.Nxh7 Nd1+ 42.Kd2 Nf2 43.Ng5 Bg8 44.Be2 Ke7 45.Nf3 Kd6 46.Ng5 b3 
47.Kc3 Ke7 48.Kb2 Kf6 49.Nf3 Nxe4 50.g5+ Nxg5 51.Nxe5 Kxe5 52.Bd1 Ne4 
1/2-1/2

[Event "14th EUR-ch"]
[Site "Minsk BLR"]
[Date "2017.06.06"]
[Round "7.37"]
[White "Sargissian, Gabriel"]
[Black "Kriakvin, Dmitry"]
[Result "1/2-1/2"]
[WhiteElo "2650"]
[BlackElo "2560"]
[EventDate "2017.05.30"]
[PlyCount "123"]

1.c4 Nf6 2.Nc3 e6 3.Nf3 b6 4.g3 Bb7 5.Bg2 Be7 6.O-O O-O 7.Re1 c5 8.e4 d6 
9.d4 cxd4 10.Nxd4 Qc7 11.Be3 a6 12.Rc1 Nbd7 13.Nd5 exd5 14.cxd5 Qb8 15.Nc6
Bxc6 16.dxc6 Nc5 17.e5 dxe5 18.c7 Qa7 19.Bxa8 Qxa8 20.b4 Ncd7 21.Qa4 b5 
22.Qc2 Rc8 23.Red1 Qb7 24.a3 h6 25.Qc6 Qxc6 26.Rxc6 Kf8 27.Rdc1 Ne8 28.Rd1
Nef6 29.Kg2 Ke8 30.h3 Nf8 31.Rxa6 Ne6 32.Bb6 Ne4 33.Ba5 Nd4 34.Re1 f5 35.
g4 Kd7 36.gxf5 Nd6 37.Rxe5 N4xf5 38.Rd5 g6 39.Rd3 Bf6 40.Bb6 Be5 41.a4 
bxa4 42.b5 a3 43.Raxa3 Ke6 44.Ra5 Nc4 45.Ra6 Nfd6 46.Bd4 Bxd4 47.Rxd4 Rxc7
48.Rc6 Kd7 49.Rxc7+ Kxc7 50.Rf4 Kb6 51.Rf6 Kxb5 52.Rxg6 Nf7 53.Kg3 Ncd6 
54.Re6 Kc6 55.Re2 Ng5 56.Kg4 Kd7 57.Ra2 Ke6 58.Ra6 Ne4 59.Kh5 Nxf2 60.h4 
Ke5 61.Kg6 Ng4 62.Kh5 1/2-1/2

[Event "14th EUR-ch"]
[Site "Minsk BLR"]
[Date "2017.06.06"]
[Round "7.38"]
[White "Lysyj, Igor"]
[Black "Boruchovsky, Avital"]
[Result "1/2-1/2"]
[WhiteElo "2643"]
[BlackElo "2557"]
[EventDate "2017.05.30"]
[PlyCount "141"]

1.d4 e6 2.c4 Bb4+ 3.Bd2 a5 4.Nf3 Nf6 5.g3 d5 6.Bg2 O-O 7.Qc2 Be7 8.O-O c6 
9.Bf4 Nbd7 10.a3 b6 11.cxd5 cxd5 12.Nc3 Ba6 13.Rfc1 Rc8 14.Qb3 Nh5 15.Bd2 
Bc4 16.Qd1 f5 17.e3 Qe8 18.Ne5 Nxe5 19.dxe5 g6 20.Ne2 Qd7 21.Nd4 Bc5 22.
Be1 Bxd4 23.Qxd4 Rc6 24.b4 axb4 25.Bxb4 Rfc8 26.h3 Ng7 27.Rc3 Ne8 28.Rac1 
Bb5 29.Rxc6 Rxc6 30.Rxc6 Qxc6 31.Qh4 Qc7 32.Qe7 Qxe7 33.Bxe7 Nc7 34.Bd8 
Na8 35.g4 fxg4 36.hxg4 Kf7 37.f3 Ke8 38.Bh4 Nc7 39.Be1 Na6 40.Kf2 Nc5 41.
Bc3 g5 42.Bd4 Kd8 43.Bf1 Be8 44.Ke1 Kc7 45.Be2 Kc6 46.Bc3 Bg6 47.Bd4 Be8 
48.Kd2 Bg6 49.Kc3 h5 50.gxh5 Bxh5 51.Kb4 Nb7 52.Kc3 Na5 53.a4 Kc7 54.Bd1 
Kc6 55.Be2 Kc7 56.Kd2 Nb3+ 57.Kc2 Nxd4+ 58.exd4 Be8 59.Kb3 Bh5 60.Kc3 Be8 
61.Kb4 Bh5 62.a5 bxa5+ 63.Kxa5 Kd7 64.Kb5 Ke7 65.Kc5 Kd7 66.Kb6 Ke7 67.Kc7
Bg6 68.Bf1 Bf5 69.Bg2 g4 70.fxg4 Bxg4 71.Bf1 1/2-1/2

[Event "14th EUR-ch"]
[Site "Minsk BLR"]
[Date "2017.06.06"]
[Round "7.39"]
[White "Kunin, Vitaly"]
[Black "Lenic, Luka"]
[Result "1/2-1/2"]
[WhiteElo "2551"]
[BlackElo "2641"]
[EventDate "2017.05.30"]
[PlyCount "26"]

1.d4 Nf6 2.c4 e6 3.Nf3 b6 4.g3 Bb7 5.Bg2 Bb4+ 6.Bd2 Be7 7.Nc3 c6 8.O-O d5 
9.cxd5 cxd5 10.Bf4 O-O 11.Rc1 Nc6 12.Ne5 Rc8 13.Nxc6 Bxc6 1/2-1/2

[Event "14th EUR-ch"]
[Site "Minsk BLR"]
[Date "2017.06.06"]
[Round "7.40"]
[White "Petrosyan, Manuel"]
[Black "Edouard, Romain"]
[Result "1/2-1/2"]
[WhiteElo "2546"]
[BlackElo "2640"]
[EventDate "2017.05.30"]
[PlyCount "101"]

1.d4 d5 2.Nf3 Nf6 3.c4 dxc4 4.e3 e6 5.Bxc4 c5 6.O-O a6 7.dxc5 Qxd1 8.Rxd1 
Bxc5 9.Nfd2 O-O 10.Nb3 Be7 11.Nc3 b5 12.Be2 Nc6 13.e4 Bb7 14.Be3 Rfd8 15.
Nc5 Bxc5 16.Bxc5 b4 17.Na4 Nxe4 18.Bb6 Rxd1+ 19.Rxd1 Ne7 20.f3 Nf6 21.Rd8+
Rxd8 22.Bxd8 Nfd5 23.Nc5 Bc8 24.Nxa6 Nc6 25.Bg5 Kf8 26.Kf2 h6 27.Bd2 Ke7 
28.Nc5 f5 29.Bc4 Kd6 30.Nd3 e5 31.Bxd5 Kxd5 32.Nxb4+ Nxb4 33.Bxb4 g5 34.
Bf8 h5 35.Bh6 g4 36.f4 exf4 37.Bxf4 Ke4 38.Bg5 f4 39.a4 Bd7 40.b3 f3 41.
gxf3+ gxf3 42.Be7 Be6 43.b4 Bb3 44.a5 Bc4 45.Kg3 Kd5 46.Bc5 Kc6 47.Kh4 Kb5
48.Kxh5 f2 49.Bxf2 Kxb4 50.Be1+ Kb5 51.Kg5 1/2-1/2

[Event "14th EUR-ch"]
[Site "Minsk BLR"]
[Date "2017.06.06"]
[Round "7.44"]
[White "Popov, Ivan"]
[Black "Alonso Rosell, Alvar"]
[Result "1/2-1/2"]
[WhiteElo "2618"]
[BlackElo "2536"]
[EventDate "2017.05.30"]
[PlyCount "79"]

1.e4 c6 2.d4 d5 3.Nc3 dxe4 4.Nxe4 Bf5 5.Ng3 Bg6 6.Nf3 e6 7.h4 h6 8.Ne5 Bh7
9.Bd3 Bxd3 10.Qxd3 Nd7 11.Qe2 Ngf6 12.Bd2 c5 13.dxc5 Bxc5 14.Nxd7 Qxd7 15.
O-O-O Qa4 16.Bc3 Be7 17.Rd4 Qc6 18.Rc4 Qa6 19.Rc7 Nd5 20.Qxa6 bxa6 21.Rc4 
O-O 22.Bd4 Rfd8 23.Ne2 Rd7 24.c3 Bd8 25.Rc6 a5 26.g3 Bb6 27.Bxb6 axb6 28.
Rd1 Rdd8 29.Rd4 Rac8 30.Rdc4 Ne7 31.Rc7 Rxc7 32.Rxc7 Nd5 33.Rb7 e5 34.Kd2 
Rd6 35.Nc1 a4 36.a3 b5 37.Ke2 Nb6 38.Nd3 f6 39.f3 h5 40.Nc5 1/2-1/2

[Event "14th EUR-ch"]
[Site "Minsk BLR"]
[Date "2017.06.06"]
[Round "7.48"]
[White "Pacher, Milan"]
[Black "Oparin, Grigoriy"]
[Result "1/2-1/2"]
[WhiteElo "2450"]
[BlackElo "2604"]
[EventDate "2017.05.30"]
[PlyCount "114"]

1.d4 Nf6 2.c4 e6 3.Nf3 b6 4.g3 Ba6 5.Qc2 Bb7 6.Bg2 c5 7.d5 exd5 8.cxd5 
Nxd5 9.O-O Nc6 10.Rd1 Be7 11.Qf5 Nf6 12.e4 g6 13.Qf4 O-O 14.Nc3 Nh5 15.Qg4
Re8 16.Qxd7 Qxd7 17.Rxd7 Na5 18.Bg5 f6 19.Bh6 Bc6 20.Rdd1 Rad8 21.Bf1 Ng7 
22.Nd5 Bxd5 23.exd5 Nf5 24.Bd2 Nd6 25.Bxa5 bxa5 26.Rac1 Rb8 27.Rxc5 Rxb2 
28.Rxa5 Bd8 29.Rxa7 Bb6 30.Ra6 Bxf2+ 31.Kh1 Rb6 32.Nd2 Rxa6 33.Bxa6 Ra8 
34.Bc4 Be3 35.Bb3 Bxd2 36.Rxd2 f5 37.Rc2 Kf7 38.Rc7+ Kf6 39.Rxh7 Nf7 40.
Rh4 Re8 41.Rc4 Re1+ 42.Kg2 Re2+ 43.Kg1 Ne5 44.Rc2 Re3 45.Kf2 Ng4+ 46.Kg2 
Ke5 47.Rd2 Kd6 48.Bd1 Ne5 49.a4 Ra3 50.Kh3 g5 51.Rf2 f4 52.Kg2 Nc4 53.Bh5 
Ne3+ 54.Kh3 Rxa4 55.gxf4 gxf4 56.Bf7 Ke5 57.Kh4 Nxd5 1/2-1/2

[Event "14th EUR-ch"]
[Site "Minsk BLR"]
[Date "2017.06.06"]
[Round "7.56"]
[White "Sviridov, Valery"]
[Black "Swiercz, Dariusz"]
[Result "1/2-1/2"]
[WhiteElo "2504"]
[BlackElo "2649"]
[EventDate "2017.05.30"]
[PlyCount "51"]

1.d4 Nf6 2.Nf3 g6 3.c4 Bg7 4.g3 O-O 5.Bg2 c5 6.Nc3 d6 7.O-O Nc6 8.dxc5 
dxc5 9.Bf4 Nh5 10.Bg5 Bxc3 11.bxc3 Be6 12.Qa4 Qc7 13.Rfd1 Rac8 14.Bh6 Rfd8
15.Rxd8+ Rxd8 16.Ng5 Bd7 17.Bd5 Be8 18.Qc2 Nf6 19.Rd1 e6 20.Ne4 Nxe4 21.
Bxe4 Rxd1+ 22.Qxd1 f6 23.Bf4 Qd7 24.Qxd7 Bxd7 25.Bd6 b6 26.Bxc6 1/2-1/2

[Event "14th EUR-ch"]
[Site "Minsk BLR"]
[Date "2017.06.06"]
[Round "7.58"]
[White "Blubaum, Matthias"]
[Black "Esipenko, Andrey"]
[Result "1/2-1/2"]
[WhiteElo "2632"]
[BlackElo "2509"]
[EventDate "2017.05.30"]
[PlyCount "67"]

1.d4 Nf6 2.c4 e6 3.Nf3 b6 4.a3 Bb7 5.Nc3 d5 6.cxd5 Nxd5 7.Qc2 Be7 8.e4 
Nxc3 9.bxc3 O-O 10.Bd3 c5 11.O-O Qc7 12.Qe2 Nd7 13.a4 Rfe8 14.Be3 Nf6 15.
Nd2 Red8 16.f3 h6 17.a5 Nd7 18.axb6 axb6 19.Bb5 Rxa1 20.Rxa1 Ra8 21.Rxa8+ 
Bxa8 22.Nc4 Bc6 23.Qb2 Qc8 24.h3 Qa8 25.Kh2 Qb8+ 26.Kg1 Qa8 27.Kh2 Qb8+ 
28.e5 Qa8 29.Qb3 Bf8 30.Bf2 Be7 31.Be3 Bf8 32.Bf2 Be7 33.Be3 Bf8 34.Bf2 
1/2-1/2

[Event "14th EUR-ch"]
[Site "Minsk BLR"]
[Date "2017.06.06"]
[Round "7.59"]
[White "Kobalia, Mikhail"]
[Black "Soffer, Ram"]
[Result "1/2-1/2"]
[WhiteElo "2624"]
[BlackElo "2508"]
[EventDate "2017.05.30"]
[PlyCount "192"]

1.e4 e5 2.Nf3 Nc6 3.Bc4 Nf6 4.d3 Be7 5.O-O O-O 6.Re1 d6 7.a4 Na5 8.Ba2 c5 
9.Nc3 Nc6 10.Nd5 Nxd5 11.Bxd5 Be6 12.c3 Qd7 13.Qb3 Bf6 14.Be3 Rfe8 15.Nd2 
Rab8 16.Qa2 b6 17.Rab1 Ne7 18.Bxe6 Qxe6 19.Qxe6 fxe6 20.b4 cxb4 21.Rxb4 
Rec8 22.c4 Nc6 23.Rb5 Kf7 24.Reb1 Bd8 25.g3 Bc7 26.Kg2 Ke7 27.h4 Kd7 28.h5
h6 29.f4 Rf8 30.Nf3 exf4 31.gxf4 Ne7 32.Kf2 d5 33.cxd5 exd5 34.f5 a6 35.
R5b2 Nxf5 36.exf5 Rxf5 37.Rh1 b5 38.axb5 axb5 39.Rb4 Ra8 40.Bd4 Ra2+ 41.
Rb2 Ra4 42.Rh4 Bd8 43.Rg4 Bf6 44.Kg3 Rxf3+ 45.Kxf3 Rxd4 46.Rxd4 Bxd4 47.
Rxb5 Ke6 48.Kf4 Be5+ 49.Ke3 Bf6 50.Kf4 Bg5+ 51.Kg4 Ke5 52.Rb4 Bf6 53.Ra4 
Bg5 54.Rb4 Bf6 55.Rf4 Bg5 56.d4+ Ke6 57.Rf1 Bf6 58.Rd1 Ke7 59.Kf5 Kf7 60.
Rd3 Ke7 61.Re3+ Kf7 62.Rd3 Ke7 63.Kg6 Ke6 64.Rd2 Ke7 65.Ra2 Bxd4 66.Rd2 
Ba1 67.Rxd5 Ke8 68.Ra5 Bb2 69.Ra7 Kf8 70.Rf7+ Ke8 71.Rb7 Ba1 72.Kh7 Kf8 
73.Rb3 Kf7 74.Rf3+ Bf6 75.Rf1 Kf8 76.Kg6 Ke7 77.Rb1 Bc3 78.Kf5 Kf7 79.Rb7+
Kf8 80.Ra7 Bb2 81.Ra8+ Kf7 82.Kf4 Bc1+ 83.Ke4 Bb2 84.Kf5 Bc3 85.Ra7+ Kf8 
86.Kg6 Bb2 87.Rf7+ Ke8 88.Rf2 Bf6 89.Rf1 Ke7 90.Kh7 Kf8 91.Rb1 Bc3 92.Rb8+
Kf7 93.Rb7+ Kf8 94.Rb8+ Kf7 95.Rg8 Ba1 96.Rxg7+ Bxg7 1/2-1/2

[Event "14th EUR-ch"]
[Site "Minsk BLR"]
[Date "2017.06.06"]
[Round "7.61"]
[White "Fedorchuk, Sergei"]
[Black "Godena, Michele"]
[Result "1/2-1/2"]
[WhiteElo "2621"]
[BlackElo "2506"]
[EventDate "2017.05.30"]
[PlyCount "86"]

1.e4 e5 2.Nf3 Nc6 3.Bb5 Bc5 4.O-O Nd4 5.Nxd4 Bxd4 6.c3 Bb6 7.Na3 c6 8.Ba4 
Nf6 9.d4 d6 10.Nc4 Bc7 11.Bc2 Be6 12.Ne3 O-O 13.f4 exf4 14.Rxf4 d5 15.e5 
Ne4 16.Qh5 g6 17.Qh6 f6 18.Nc4 fxe5 19.Rh4 Rf7 20.Nxe5 Bxe5 21.dxe5 Qb6+ 
22.Be3 Qxb2 23.Rc1 Nxc3 24.Bd3 Ne2+ 25.Bxe2 Qxe2 26.h3 Re8 27.a4 a5 28.Bd4
Ref8 29.Kh2 Rg7 30.Rc5 Rf1 31.Rxa5 Rh1+ 32.Kxh1 Qe1+ 33.Kh2 Qxa5 34.Rf4 c5
35.Rf6 cxd4 36.Rxe6 Qxa4 37.Qg5 Rf7 38.Rd6 d3 39.e6 Qf4+ 40.Qxf4 Rxf4 41.
Rxd5 Re4 42.Rd8+ Kg7 43.Rxd3 Rxe6 1/2-1/2

[Event "14th EUR-ch"]
[Site "Minsk BLR"]
[Date "2017.06.06"]
[Round "7.63"]
[White "Tomczak, Jacek"]
[Black "Salomon, Johan"]
[Result "1/2-1/2"]
[WhiteElo "2615"]
[BlackElo "2501"]
[EventDate "2017.05.30"]
[PlyCount "111"]

1.e4 e5 2.Nf3 Nc6 3.d4 exd4 4.Nxd4 Qf6 5.Nxc6 Bc5 6.f4 dxc6 7.Nc3 Nh6 8.f5
Bd4 9.Qf3 Ng4 10.Nd1 Ne5 11.Qg3 h6 12.Bf4 g5 13.fxg6 Nxg6 14.Bxc7 Be6 15.
Bd3 Be5 16.Bxe5 Nxe5 17.Rf1 Qg5 18.Qxg5 hxg5 19.h3 Rd8 20.Nf2 Ke7 21.Be2 
Rdg8 22.g4 a5 23.a4 c5 24.Ra3 Rd8 25.Rc3 b6 26.Bb5 Rd4 27.b3 c4 28.Ke2 
Rhd8 29.Ke3 cxb3 30.cxb3 Rb4 31.Rb1 Kf6 32.Bd3 Rdd4 33.Bc2 Rd8 34.Rf1 Ke7 
35.Rd1 Rb8 36.Rc7+ Kf6 37.Rf1 Kg7 38.Rb1 b5 39.Rc5 bxa4 40.Rxe5 axb3 41.
Bd3 Ra8 42.Rxg5+ Kf6 43.Rb5 Rxb5 44.Bxb5 a4 45.Bc6 Ra5 46.Bxa4 Rxa4 47.Nd3
Ra2 48.Kf4 Rc2 49.h4 Rh2 50.Kg3 Rc2 51.g5+ Kg7 52.Kf4 Rh2 53.Ke5 Rxh4 54.
Nc5 Bc8 55.Rxb3 Rg4 56.Rb8 1/2-1/2

[Event "14th EUR-ch"]
[Site "Minsk BLR"]
[Date "2017.06.06"]
[Round "7.65"]
[White "Matinian, Nikita"]
[Black "Mista, Aleksander"]
[Result "1/2-1/2"]
[WhiteElo "2491"]
[BlackElo "2606"]
[EventDate "2017.05.30"]
[PlyCount "101"]

1.e4 c5 2.Nf3 g6 3.d4 cxd4 4.Qxd4 Nf6 5.Nc3 Nc6 6.Qa4 d6 7.e5 dxe5 8.Nxe5 
Bg7 9.Bb5 O-O 10.Nxc6 bxc6 11.Bxc6 Bd7 12.O-O Bxc6 13.Qxc6 Rc8 14.Qa6 Qc7 
15.h3 Rb8 16.Rb1 Rb6 17.Qa3 Rfb8 18.Be3 R6b7 19.Rfd1 a5 20.Na4 e6 21.Nc5 
Bf8 22.Qc3 Bxc5 23.Qxc5 Qxc5 24.Bxc5 Nd5 25.Bd4 Rc8 26.Rbc1 Rbc7 27.c3 f6 
28.g3 g5 29.b3 Nxc3 30.Bxc3 Rxc3 31.Rxc3 Rxc3 32.Rd7 Rc2 33.a4 h5 34.Rb7 
Rb2 35.Kg2 g4 36.Rb5 f5 37.hxg4 hxg4 38.Rxa5 Rxb3 39.Ra7 Kf8 40.a5 Ra3 41.
a6 e5 42.Kf1 Ra2 43.Kg1 f4 44.gxf4 exf4 45.Rh7 Rxa6 46.Rh4 Rg6 47.f3 gxf3+
48.Kf2 Kf7 49.Rxf4+ Rf6 50.Kxf3 Rxf4+ 51.Kxf4 1/2-1/2

[Event "14th EUR-ch"]
[Site "Minsk BLR"]
[Date "2017.06.06"]
[Round "7.66"]
[White "Rozum, Ivan"]
[Black "Lomasov, Semen"]
[Result "1/2-1/2"]
[WhiteElo "2606"]
[BlackElo "2493"]
[EventDate "2017.05.30"]
[PlyCount "64"]

1.Nf3 Nf6 2.c4 c5 3.g3 Nc6 4.Bg2 d5 5.cxd5 Nxd5 6.d4 cxd4 7.Nxd4 Ndb4 8.
Nxc6 Qxd1+ 9.Kxd1 Nxc6 10.Bxc6+ bxc6 11.Nc3 e5 12.Be3 Bb4 13.Ne4 Bf5 14.f3
O-O-O+ 15.Kc2 Ba5 16.Rad1 Bb6 17.Bxb6 axb6 18.Kc3 Kc7 19.Nf2 Ra8 20.Ra1 
Ra5 21.e4 Be6 22.b3 Rha8 23.Kb2 c5 24.Nd3 f6 25.Rhd1 c4 26.Nb4 Rb5 27.Kc3 
cxb3 28.axb3 Rxa1 29.Rxa1 Kb7 30.Rd1 Kc7 31.Ra1 Kb7 32.Rd1 Kc7 1/2-1/2